|
|
|
|
| LEADER |
00000cam a22000004a 4500 |
| 001 |
musev2_17820 |
| 003 |
MdBmJHUP |
| 005 |
20230905041925.0 |
| 006 |
m o d |
| 007 |
cr||||||||nn|n |
| 008 |
090205s2009 flu o 00 0 eng d |
| 020 |
|
|
|a 9780813045870
|
| 020 |
|
|
|z 0813033721
|
| 020 |
|
|
|z 9780813033723
|
| 035 |
|
|
|a (OCoLC)680424519
|
| 040 |
|
|
|a MdBmJHUP
|c MdBmJHUP
|
| 100 |
1 |
|
|a Alexander, James,
|d 1972-
|
| 245 |
1 |
0 |
|a Shaw's Controversial Socialism /
|c James Alexander ; foreword by R.F. Dietrich.
|
| 264 |
|
1 |
|a Gainesville :
|b University Press of Florida,
|c 2009.
|
| 264 |
|
3 |
|a Baltimore, Md. :
|b Project MUSE,
|c 2013
|
| 264 |
|
4 |
|c ©2009.
|
| 300 |
|
|
|a 1 online resource (312 pages).
|
| 336 |
|
|
|a text
|b txt
|2 rdacontent
|
| 337 |
|
|
|a computer
|b c
|2 rdamedia
|
| 338 |
|
|
|a online resource
|b cr
|2 rdacarrier
|
| 490 |
0 |
|
|a The Florida Bernard Shaw series.
|
| 505 |
0 |
|
|a Shaw and Marxism, 1882-1892 -- Shaw and liberalism, 1886-1895 -- Shaw and Marxism, 1893-1904 -- Shaw and liberalism, 1896-1904 -- Shaw, liberalism, and Marxism, 1905-1950.
|
| 588 |
|
|
|a Description based on print version record.
|
| 600 |
1 |
0 |
|a Shaw, Bernard,
|d 1856-1950
|x Criticism and interpretation.
|
| 600 |
1 |
0 |
|a Shaw, Bernard,
|d 1856-1950
|x Political and social views.
|
| 655 |
|
7 |
|a Electronic books.
|2 local
|
| 710 |
2 |
|
|a Project Muse.
|
| 710 |
2 |
|
|a Project Muse.
|e distributor
|
| 830 |
|
0 |
|a Book collections on Project MUSE.
|
| 856 |
4 |
0 |
|z Texto completo
|u https://projectmuse.uam.elogim.com/book/17820/
|
| 945 |
|
|
|a Project MUSE - Custom Collection
|
| 945 |
|
|
|a Project MUSE - Archive Complete Supplement
|
| 945 |
|
|
|a Project MUSE - Archive Literature Supplement
|